000 00409nmm a2200145Ia 4500
008 251105s9999||||xx |||||||||||||||||und||
041 _aspa
100 _aKleypas, Lisa
245 0 _aUna noche mágica. Serie Friday Harbor 1
264 _a[Madrid, España] :
_bEdiciones B,
_c2015
300 _a163 páginas
650 _aRomance
856 _uhttps://public.digitaliapublishing.com/a/53346
942 _cCF
999 _c105651
_d105651